00550nam a2200133 i 4500001000300000245009400003260010000097300004900197040000800246041000800254080001500262008004100277856009800318bg 0aGeotechnika w budownictwie lądowym :bseminarium, Rzeszów 3-4 grudnia 1974. Referaty. aRzeszów :bInstytut Budownictwa i Inżynierii Środowiska Politechniki Rzeszowskiej,c1974. as. 318, nlb. 1, tabl. [w tym] nlb. 6 :brys. cBPK apol a624(061.3) s pl f |000 0 pol  uhttp://koha.tu.koszalin.pl/cgi-bin/koha/opac-detail.pl?biblionumber=26970yKatalog online BPK